02546 2201069 4500001002100000005001500021035002000036007000300056008004100059020002200100082001400122084001800136245011000154250000600264260003100270300004000301650002500341990001500366990001500381990001500396990001500411990001500426990001500441990001500456990001500471990001500486990001500501990001500516990001500531990001500546990001500561990001500576990001500591990001500606990001500621990001500636990001500651990001500666990001500681990001500696990001500711990001500726990001500741990001500756990001500771990001500786990001500801990001500816990001500831990001500846990001500861990001500876990001500891990001500906990001500921990001500936990001500951990001500966990001500981990001500996990001501011990001501026990001501041990001501056990001501071990001501086990001501101990001501116990001501131990001501146990001501161990001501176990001501191990001501206990001501221990001501236990001501251990001501266990001501281990001501296990001501311990001501326990001501341990001501356990001501371990001501386990001501401990001501416990001501431990001501446990001501461INLIS00000000000246620260414110505 a0010-0426000016ta260414 0 ind  a978-623-522-391-9 a959.800 7 a959.800 7 SEJ aSejarah Tingkat Lanjut SMA/MA Kelas XI :bKelompok Mata Pelajaran Pilhan /cM.Adil dan Ika Yanti Sholihah a- aJakarta :bErlangga,c2025 a284 hlm :bIlust ;c17,6 cm x 25 cm 4aSejarah dan Geografi aKumer14504 aKumer14505 aKumer14506 aKumer14507 aKumer14508 aKumer14509 aKumer14510 aKumer14511 aKumer14512 aKumer14513 aKumer14514 aKumer14515 aKumer14516 aKumer14517 aKumer14518 aKumer14519 aKumer14520 aKumer14521 aKumer14522 aKumer14523 aKumer14524 aKumer14525 aKumer14526 aKumer14527 aKumer14528 aKumer14529 aKumer14530 aKumer14531 aKumer14532 aKumer14533 aKumer14534 aKumer14535 aKumer14536 aKumer14537 aKumer14538 aKumer14539 aKumer14540 aKumer14541 aKumer14542 aKumer14543 aKumer14544 aKumer14545 aKumer14546 aKumer14547 aKumer14548 aKumer14549 aKumer14550 aKumer14551 aKumer14552 aKumer14553 aKumer14554 aKumer14555 aKumer14556 aKumer14557 aKumer14558 aKumer14559 aKumer14560 aKumer14561 aKumer14562 aKumer14563 aKumer14564 aKumer14565 aKumer14566 aKumer14567 aKumer14568 aKumer14569 aKumer14570 aKumer14571 aKumer14572 aKumer14573 aKumer14574 aKumer14575 aKumer14576 aKumer14577